000 00235 a2200097 4500
001 38309
100 _aWinkley L
245 _aEmotional problems in children & young people
260 _aLondon
_bCassell
_c1996
090 _c24351
_d24351
942 _aNUST-CAE
_cM
_c15949
999 _c273382
_d273382